000 01883nam a2200229Ia 4500
003 Ost
005 20260507075616.0
008 260507s9999||||xx |||||||||||||| ||und||
020 _a9789961019917
040 _cfsecg
041 _aara
082 _a339
100 _aزرقون، محمد
_eمؤلف
245 0 _aالنظرية الاقتصادية الكلية :
_bمحاضرات وتمارين /
_c محمد زرقون
260 _aالجزائر:
_bديوان المطبوعات الجامعية,
_c2017
300 _a287 صفحة؛
_bإيضاحات ؛
_c27 سم
504 _aمراجع ص.269 قائمة الجداول ص.275 قائمة الأشكال ص.277 قائمة الاختصار والرموز ص.281
520 _aلقد جاءت هذه المطبوعة التدريسية المعنونة بـ : النظرية الاقتصادية الكلية: محاضرات وتمارين، لتغطي مواضيع التحليل الاقتصادي الكلي على أساس نظري وتطبيقي، وهي موجهة أساسا الى طلبة السنة الثانية علومى اقتصادية، علوم تجارية وعلوم التسيير في الطور الأول من نظام ل.م.د لمقياس الإقتصاد الكلي المالي والإقتصاد الكلي المعمق، حيث أنها تهدف الى مساعدة طلبة الجامعات والمعاهد بفهم أهم مواضيع النظرية الاقتصادية الكلية والمحددة في المقررات ، وقد حاولت الكاتبة عرض أهم عناصر هده المطلوعة بأسلوب علمي مبسط وواضح، وقد تم تدعيمها بمجموعة من التمارين المحلولة في نهاية كل فصل.
653 _aالإقتصاد الكلي
700 _aرحمان، أمال
_eمؤلف ثانوي
942 _cكتاب
999 _c45113
_d45113